[Event "Jakarta op"]
[Site "Jakarta"]
[Date "2024.01.21"]
[Round "7"]
[White "Susanto, Rahman"]
[Black "Gultom, Almagro Hasian"]
[Result "1/2-1/2"]
[WhiteElo "1926"]
[BlackElo "1199"]
[PlyCount "65"]
[EventDate "2024.01.19"]
[EventType "swiss"]
[EventRounds "7"]
[EventCountry "INA"]
[SourceTitle "CB06_2024"]
[SourceDate "2024.02.07"]
[SourceVersion "1"]
[SourceVersionDate "2024.02.07"]
[SourceQuality "1"]

1. e4 c6 2. d4 d5 3. exd5 cxd5 4. Nf3 Nf6 5. h3 Nc6 6. Bb5 Bd7 7. 0-0 e6 8. Bg5 Be7 9. Bxc6 Bxc6 10. Ne5 0-0 11. Nxc6 bxc6 12. Nd2 h6 13. Bh4 Rb8 14. b3 Nd7 15. Bxe7 Qxe7 16. Re1 Qf6 17. Nf3 Rbc8 18. Ne5 Nxe5 19. dxe5 Qf5 20. Qe2 c5 21. Rad1 c4 22. b4 Rb8 23. c3 Rb7 24. a4 Kh8 25. Rd4 Rg8 26. g4 Qg6 27. Kh2 Rf8 28. Rf4 Re7 29. Rg1 f6 30. g5 hxg5 31. Rfg4 Qf5 32. f4 fxe5 33. fxe5 1/2-1/2